01574nam a2200385 a 4500001001200000003000800012006001900020007001500039008004100054010001700095020001800112020001800130020001500148020002300163040002100186035002100207050002600228100002100254245007800275250001200353260004800365300002400413500002000437500008300457500006100540505009700601533015200698650006300850650003300913655002900946700005300975710001701028856012601045999001701171ebr10228249CaPaEBRm u cr cn|||||||||081014s2008 maua sf 001 0 eng d z 2007938238 z9781598634495 z9781598636567 z1598634496 z1598636561 (eISBN) aCaPaEBRcCaPaEBR a(OCoLC)61450221114aTK7881.4b.O97 2008eb1 aOwsinski, Bobby.14aThe audio mastering handbookh[electronic resource] /cby Bobby Owsinski. a2nd ed. aBoston :bThomson Course Technology,c2008. axiv, 274 p. :bill. aIncludes index. aRev. ed. of: The mastering engineer's handbook: Vallejo, CA : Mixbooks, c2000. a"The mastering engineer's handbook, 2nd edition"--Cover.0 apt. 1. The mechanics of mastering -- pt. 2. Audio delivery formats -- pt. 3. The interviews. aElectronic reproduction.bPalo Alto, Calif. :cebrary,d2013.nAvailable via World Wide Web.nAccess may be limited to ebrary affiliated libraries. 0aSoundxRecording and reproducingvHandbooks, manuals, etc. 0aSound engineersvInterviews. 7aElectronic books.2local1 aOwsinski, Bobby.tMastering engineer's handbook.2 aebrary, Inc.40uhttp://site.ebrary.com/lib/rucke/Doc?id=10228249zAn electronic book accessible through the World Wide Web; click to view c38526d38526